La seguridad regional y la utilización de bases colombianas por los Estados Unidos /
El siguiente artículo hace un análisis del concepto de seguridad entendiéndolo como un concepto polisémico. Se analiza la vinculación entre los conceptos de Seguridad Nacional, Estado y Guerra Fría y sus expresiones políticas y sociales en América Latina, haciendo énfasis en la cooperación militar n...
Spremljeno u:
| Glavni autor: | |
|---|---|
| Format: | Tekst |
| Teme: | |
| Oznake: |
Dodaj oznaku
Bez oznaka, Budi prvi tko označuje ovaj zapis!
|
MARC
| LEADER | 00000 a a2200000 04500 | ||
|---|---|---|---|
| 001 | 44634 | ||
| 003 | |||
| 040 | |||
| 100 | |a Vargas Velásquez, Alejo | ||
| 245 | |a La seguridad regional y la utilización de bases colombianas por los Estados Unidos / |c Alejo Vargas Velásquez | ||
| 520 | |a El siguiente artículo hace un análisis del concepto de seguridad entendiéndolo como un concepto polisémico. Se analiza la vinculación entre los conceptos de Seguridad Nacional, Estado y Guerra Fría y sus expresiones políticas y sociales en América Latina, haciendo énfasis en la cooperación militar norteamericana en Colombia. | ||
| 590 | |a RRH/DICIEMBRE2013 | ||
| 650 | |a 1.SEGURIDAD CIUDADANA | ||
| 650 | |a 2.REPRESION | ||
| 650 | |a 3.MILITARIZACION | ||
| 650 | |a 4.ESTADO | ||
| 650 | |a 5.VIOLENCIA | ||
| 650 | |a 6.GUERRA FRIA | ||
| 650 | |a 7.COLOMBIA | ||
| 650 | |a 8.ESTADOS UNIDOS | ||
| 773 | |g páginas 173-191 | ||
| 999 | |c 36497 |d 36497 | ||
